| 000 | 00785nam a2200181Ia 4500 | ||
|---|---|---|---|
| 008 | 090630s9999 xx 000 0 und d | ||
| 082 | _b15780 | ||
| 100 | _aकुळकर्णी नलिनी. | ||
| 245 |
_aसुदाम कुमारकादंबरी माला भाग 1. _cकुळकर्णी नलिनी. |
||
| 260 | _bअक्षय साहित्य - पुणे. | ||
| 300 | _a0 | ||
| 600 | _aकुळकर्णी नलिनी. | ||
| 630 | _aसुदाम कुमारकादंबरी माला भाग 1. | ||
| 655 | _aबालवाङमय. | ||
| 700 | _aकुळकर्णी नलिनी. | ||
| 730 | _aसुदाम कुमारकादंबरी माला भाग 1. | ||
| 942 | _cBOOK | ||
| 999 |
_c267636 _d267636 |
||